LEADER 03421nam 22007815 450 001 9910790977803321 005 20210301191347.0 010 $a0-691-25943-7 010 $a1-4008-5102-5 024 7 $a10.1515/9781400851027 035 $a(CKB)2550000001192063 035 $a(EBL)3030309 035 $a(SSID)ssj0001114318 035 $a(PQKBManifestationID)11658711 035 $a(PQKBTitleCode)TC0001114318 035 $a(PQKBWorkID)11055370 035 $a(PQKB)11006487 035 $a(DE-B1597)447826 035 $a(OCoLC)979749954 035 $a(DE-B1597)9781400851027 035 $a(MiAaPQ)EBC3030309 035 $a(EXLCZ)992550000001192063 100 $a20190708d2014 fg 101 0 $aeng 135 $aur|n|---||||| 181 $ctxt 182 $cc 183 $acr 200 10$aCollected Works of C.G. Jung$hVolume 19$iCollected Works of C.G. Jung, Volume 19 ; General Bibliography - Revised Edition /$fC. G. Jung; Lisa Ress, William McGuire 205 $aRevised 210 1$aPrinceton, NJ :$cPrinceton University Press,$d[2014] 210 4$dİ1979 215 $a1 online resource (0 p.) 225 0 $aCollected Works of C.G. Jung ;$vVolume 19 300 $aIncludes index. 311 $a0-691-09893-X 311 $a1-306-40806-7 327 $tFrontmatter --$tEDITORIAL NOTE TO THE REVISED EDITION --$tContents --$tABBREVIATIONS --$tI. THE PUBLISHED WRITINGS OF G.G. JUNG: Original Works and Transation --$tII. THE COLLECTED WORKS OF C.G. JUNG DIE GESAMMELTEN WERKE VON C.G.JUNG --$tIII. SEMINAR NOTES --$tINDEX 330 $aAs a current record of all of C. G. Jung's publications in German and in English, this volume will replace the general bibliography published in 1979 as Volume 19 of the Collected Works of C. G. Jung. In the form of a checklist, this new volume records through 1990 the initial publication of each original work by Jung, each translation into English, and all significant new editions, including paperbacks and publications in periodicals. The contents of the respective volumes of the Collected Works of C. G. Jung and the Gesammelte Werke (published in Switzerland) are listed in parallel to show the interrelation of the two editions. Jung's seminars are dealt with in detail. Where possible, information is provided about the origin of works that were first conceived as lectures. There are indexes of all publications, personal names, organizations and societies, and periodicals. 410 0$aBollingen series ;$v20. 606 $aPSYCHOLOGY / Movements / Psychoanalysis$2bisacsh 610 $aBibliography. 610 $aBollingen Foundation. 610 $aCarl Jung. 610 $aEditing. 610 $aMichael Fordham. 610 $aPantheon Books. 610 $aPaperback. 610 $aPrinceton University Press. 610 $aProceedings. 610 $aPsychology. 610 $aPublication. 610 $aRandom House. 610 $aRoutledge. 610 $aS. Fischer Verlag. 610 $aThought. 610 $aWilliam McGuire. 615 7$aPSYCHOLOGY / Movements / Psychoanalysis. 676 $a150.19/54 700 $aJung$b Carl G.$0730920 702 $aMcGuire$b William 702 $aRess$b Lisa 801 0$bDE-B1597 801 1$bDE-B1597 906 $aBOOK 912 $a9910790977803321 996 $aCollected Works of C.G. Jung$93674088 997 $aUNINA LEADER 01448nam 2200433 450 001 9910817068103321 005 20230814222616.0 010 $a88-921-7605-6 035 $a(CKB)4100000004823054 035 $a(MiAaPQ)EBC5407081 035 $a(Au-PeEL)EBL5407081 035 $a(CaPaEBR)ebr11569495 035 $a(OCoLC)1039682181 035 $a(EXLCZ)994100000004823054 100 $a20180802d2018 uy 0 101 0 $aita 135 $aurcnu|||||||| 181 $ctxt$2rdacontent 182 $cc$2rdamedia 183 $acr$2rdacarrier 200 13$aLa Disclosure Sui Rischi Finanziari Tra Dottrina, Normativa e Prassi $eEvidenze Empiriche Dal Contesto Italiano /$fGrazia Dicuonzo 210 1$aTorino :$cG. Giappichelli Editore,$d[2018] 210 4$dİ2018 215 $a1 online resource (217 pages) 225 0 $aStrategia, Management E Controllo ;$v11 311 $a88-921-1509-X 606 $aFinancial services industry$xLaw and legislation 606 $aFinancial institutions$xLaw and legislation 615 0$aFinancial services industry$xLaw and legislation. 615 0$aFinancial institutions$xLaw and legislation. 676 $a346.082 700 $aDicuonzo$b Grazia$0740761 801 0$bMiAaPQ 801 1$bMiAaPQ 801 2$bMiAaPQ 906 $aBOOK 912 $a9910817068103321 996 $aLa Disclosure Sui Rischi Finanziari Tra Dottrina, Normativa e Prassi$94119637 997 $aUNINA